| 000 | 01342cam a2200325 a 4500 | ||
|---|---|---|---|
| 001 | 4923380 | ||
| 003 | OSt | ||
| 005 | 20160421154204.0 | ||
| 008 | 950120m19952000enka b 001 0 eng | ||
| 010 | _a 95002782 | ||
| 020 | _a0521550017 (v. 1) | ||
| 020 | _a0521550025 (v. 2) | ||
| 020 | _a0521660009 (v. 3) | ||
| 040 |
_aDLC _cDLC _dDLC |
||
| 050 | 0 | 0 |
_aQC174.45 _b.W45 1995 |
| 082 | 0 | 0 |
_a530.1/43 _220 _bWEI 1995 |
| 100 | 1 |
_aWeinberg, Steven, _d1933- _98008 |
|
| 245 | 1 | 4 |
_aThe quantum theory of fields / _cSteven Weinberg. |
| 260 |
_aCambridge ; _aNew York : _bCambridge University Press, _c1995. |
||
| 300 |
_a3 v. : _bill. ; _c26 cm. |
||
| 504 | _aIncludes bibliographical references and indexes. | ||
| 505 | 0 | _av. 1. Foundations -- v. 2. Modern applications -- v. 3. Supersymmetry. | |
| 650 | 0 |
_aQuantum field theory. _98084 |
|
| 856 | 4 | 2 |
_3Publisher description _uhttp://www.loc.gov/catdir/description/cam026/95002782.html |
| 856 | 4 | 1 |
_3Table of contents _uhttp://www.loc.gov/catdir/toc/cam021/95002782.html |
| 906 |
_a7 _bcbc _corignew _d1 _eocip _f19 _gy-gencatlg |
||
| 942 |
_2ddc _cSLOAN |
||
| 999 |
_c3690 _d3690 |
||